000
00294 a2200097 4500
020
_a
9788119144204
100
_a
Jacob Abraham
245
_a
Aa muthal am vare pokunna theevandi(അ മുതൽ അം വരെ പോകുന്ന തീവണ്ടി)
260
_b
SPCS
_c
2023
942
_c
OO
999
_c
115403
_d
115402